Wieviele Nachbarländer? - Whammies #2 - Statistiken

Allgemein
  • Dieses Quiz wurde 90 mal gespielt
    31 seit der letzten Aktualisierung
  • Das Durchschnittsergebnis liegt bei 10 aus 20
Antwortstatistiken
Land Nachbarn # Grenzen % Korrekt
Australien 0
100%
Katar Saudi-Arabien 1
88%
Mongolei China, Russland 2
88%
Monaco Frankreich 1
81%
Liechtenstein Österreich, Schweiz 2
77%
Indonesien Ost-Timor, Malaysia, Papua Neu Guinea 3
65%
Philippinen 0
62%
Brunei Indonesien 1
62%
Norwegen Finnland, Russland, Schweden 3
58%
Deutschland Österreich, Belgien, Tschechei, Dänemark, Frankreich, Luxemburg, Niederlande Polen, Schweiz 9
58%
Belize Guatemala, Mexiko 2
50%
Bangladesch Indien, Myanmar 2
46%
Kap Verde 0
42%
Bhutan China, Indien 2
38%
Gambia Senegal 1
35%
Dschibuti Eritrea, Äthiopien, Somalia 3
35%
Guyana Brasilien, Suriname, Venezuela 3
27%
Kuwait Irak, Saudi-Arabien 2
19%
Iran Afghanistan, Armenien, Aserbaidschan, Irak, Pakistan, Türkei, Turkmenistan 7
8%
Libanon Israel, Syrien 2
4%
Keine übereinstimmenden Quizze gefunden
Verteilung der Resultate
Anzahl Personen mit jedem Resultat
Perzentil nach korrekt beantworteten Fragen
Ihre Resultats-Entwicklung
Sie haben dieses Quiz seit der letzten Aktualisierung nicht gespielt